| 000 | 00594nam a22002057a 4500 | ||
|---|---|---|---|
| 003 | OSt | ||
| 005 | 20160622182047.0 | ||
| 008 | 160622b xxu||||| |||| 00| 0 eng d | ||
| 020 | _a9780443069338 | ||
| 040 | _cDNLM | ||
| 082 | _aWE100 B226m 2010 | ||
| 100 |
_aBanks, Kevin; Hengeveld, Elly _99551 |
||
| 245 | _aMaitland's Clinical Companion: an essential for student | ||
| 260 | _aEdinburgh; Churchill, 2010 | ||
| 300 | _axiii,684p; col.ill: 20cm | ||
| 504 | _aAppendice, & index included | ||
| 650 |
_aPhysiotherapy _91959 |
||
| 650 |
_aMusculoskeletal system _9161 |
||
| 942 |
_2z _cO_SHELF |
||
| 999 |
_c4448 _d4448 |
||